Statistics for NBA Players from Duke

Click here to take the quiz!

General Stats

  • This quiz has been taken 461 times
    (39 since last reset)
  • The average score is 31 of 96

Answer Stats

PositionPlayerDraft Year% Correct
FCMark Williams2022
81%
PFZion Williamson2019
81%
SFJayson Tatum2017
78%
GJay Williams2002
75%
PFShelden Williams2006
75%
GKyrie Irving2011
72%
PFPaolo Banchero2022
61%
SGR.J. Barrett2019
61%
PGTre Jones2020
61%
PGTyus Jones2015
61%
GCam Reddish2019
56%
GFDahntay Jones2003
56%
GJ.J. Redick2006
56%
SFBrandon Ingram2016
53%
SFGrant Hill1994
53%
SGGrayson Allen2018
53%
PFChristian Laettner1992
47%
SFJack White2020
47%
SFWendell Moore Jr.2022
47%
CDereck Lively II2023
44%
SFJahlil Okafor2015
44%
SFJalen Johnson2021
44%
PFMarvin Bagley III2018
44%
SFAJ Griffin2022
42%
SGTrevor Keels2022
42%
SFDariq Whitehead2023
39%
GSeth Curry2013
39%
FShane Battier2001
39%
PFWendell Carter Jr.2018
39%
FBrian Davis1992
36%
SGLuke Kennard2017
36%
GNolan Smith2011
36%
SGFrank Jackson2017
33%
PFHarry Giles2017
33%
SFJustise Winslow2015
33%
PFMarshall Plumlee2016
33%
PFMason Plumlee2013
33%
CMiles Plumlee2012
33%
PGQuinn Cook2015
33%
SGAustin Rivers2012
31%
GBobby Hurley1993
31%
PFElton Brand1999
31%
SGGary Trent Jr.2018
31%
PFVernon Carey Jr.2020
31%
PFAmile Jefferson2017
28%
SGAndre Dawkins2014
28%
GFAntonio Lang1994
28%
PFCarlos Boozer2002
28%
FJabari Parker2014
28%
GJohnny Dawkins1986
28%
FLance Thomas2010
28%
CMarques Bolden2019
28%
GTrajan Langdon1999
28%
PGTrevon Duval2018
25%
GFArt Heyman1963
22%
GCassius Stanley2020
22%
GChris Duhon2004
22%
GFCorey Maggette1999
22%
GDave Henderson1986
22%
PGDick Groat1952
22%
SGGerald Henderson2009
22%
PFJavin DeLaurier2020
22%
FKyle Singler2011
22%
GFMike Dunleavy2002
22%
PGWilliam Avery1999
22%
CCherokee Parks1995
19%
GDaniel Ewing2005
19%
GDeMarcus Nelson2008
19%
PFJosh McRoberts2007
19%
GFLuol Deng2004
19%
FRodney Hood2014
19%
PFDanny Ferry1989
17%
GFGene Banks1981
17%
CMike Gminski1980
17%
PFRyan Kelly2013
17%
FShavlik Randolph2005
17%
PFAlaa Abdelnaby1990
14%
GFBob Gantt1946
14%
GBob Verga1967
14%
FDoug Kistler1961
14%
GGary Melchionni1973
14%
GFJack Marin1966
14%
GFJeff Mullins1964
14%
GFJim Spanarkel1979
14%
SFJoe Kennedy1968
14%
PFKenny Dennard1981
14%
FMark Alarie1986
14%
SFMark Crow1977
14%
CRandy Denton1971
14%
FRoshown McLeod1998
14%
SGTate Armstrong1977
14%
SGVince Taylor1982
14%
CMartin Nessley1987
11%
SFSemi Ojeleye2017
11%
GElliot Williams2010
8%
SFMichael Gbinije2016
8%

Score Distribution

Percentile by Number Answered

Percent of People with Each Score

Your Score History

You have not taken this quiz since the last reset